Estudio de mercado para tomar una decisión sobre la apertura de un salón para eventos infantiles en Guadalajara /

-д хадгалсан:
Номзүйн дэлгэрэнгүй
Үндсэн зохиолч: Anaya Aviña, Yasmín Eugenia (autor)
Бусад зохиолчид: Orozco Amezcua, Blanca Paola (autor) (autor)
Формат: Дипломын ажил Ном
Хэл сонгох:испани
Нөхцлүүд:
Шошгууд: Шошго нэмэх
Шошго байхгүй, Энэхүү баримтыг шошголох эхний хүн болох!

MARC

LEADER 00000nam^a2200000^a^4500
001 000102102
005 20250521000000.0
009 20260310093301.377
037 |a Acervo ITESO - Biblioteca 
041 |a ESP 
090 |a LAE. 430 
100 |a Anaya Aviña, Yasmín Eugenia  |e (autor) 
245 1 0 |a Estudio de mercado para tomar una decisión sobre la apertura de un salón para eventos infantiles en Guadalajara /  |c Y.E. Anaya Aviña, B.P. Orozco Amezcua. 
264 |a Guadalajara, México :  |b edición de autor,  |c 1999 
300 |a 135 p. 
336 |a texto  |b txt  |2 rdacontenido 
337 |a sin mediación  |b n  |2 rdamedio 
338 |a volumen  |b nc  |2 rdasoporte 
502 |a ITESO Tesis de Licenciatura en Administración de Empresas 
649 |a XX 
650 |a Investigación de Mercado 
650 |a Mercadotecnia 
650 |a Administración 
650 |a Ciencias Administrativas 
700 |a Orozco Amezcua, Blanca Paola  |e (autor) 
910 |a Fondo General 
920 |a Impresos - Tesis del ITESO 
930 |a Colección General 
905 |a 104 
901 |a 0500037156  |b IT2  |c TSS  |u 20250521 
902 |a https://opac.biblio.iteso.mx/vufind/Record/000102102